Statistiques concernant Devinez le Département Mystère #6

Cliquez ici pour prendre le quiz!

Statistiques générales

  • Ce quiz a été pris 213 fois
  • Le résultat moyen est 25 sur 41

Statistiques - réponses

Type de RéponseRéponse% Correct
Lettre TrouvéeE
100%
Lettre TrouvéeR
100%
Lettre TrouvéeA
99%
Lettre TrouvéeI
98%
Lettre de l'AlphabetN
98%
Lettre de l'AlphabetO
97%
Lettre TrouvéeT
96%
Lettre TrouvéeL
94%
Lettre TrouvéeS
93%
Lettre de l'AlphabetH
92%
Lettre de l'AlphabetU
90%
Lettre de l'AlphabetD
83%
Lettre TrouvéeM
80%
Lettre de l'AlphabetV
78%
Lettre de l'AlphabetC
77%
Lettre TrouvéeP
71%
Lettre de l'AlphabetG
70%
Lettre de l'AlphabetY
66%
Lettre de l'AlphabetB
62%
Lettre de l'AlphabetQ
56%
Lettre de l'AlphabetF
54%
Lettre de l'AlphabetX
46%
Lettre de l'AlphabetZ
42%
Lettre de l'AlphabetJ
40%
Lettre Bien PlacéeA
38%
Lettre Bien PlacéeA
38%
Département MystèreAlpes-Maritimes
38%
Lettre Bien PlacéeE
38%
Lettre Bien PlacéeE
38%
Lettre Bien PlacéeI
38%
Lettre Bien PlacéeI
38%
Lettre de l'AlphabetK
38%
Lettre Bien PlacéeL
38%
Lettre Bien PlacéeM
38%
Lettre Bien PlacéeM
38%
Lettre Bien PlacéeP
38%
Lettre Bien PlacéeR
38%
Lettre Bien PlacéeS
38%
Lettre Bien PlacéeS
38%
Lettre Bien PlacéeT
38%
Lettre de l'AlphabetW
38%

Distribution des résultats

Percentile par nombre de réponses

% des personnes avec chaque résultat

Votre développement - résultats

Vous n’avez pas pris ce quiz